IET control theory & applications
Saved in:
| Previous Title | Vorg.: Institution of Electrical Engineers: IEE proceedings / Control theory & applications |
|---|---|
| Corporate Author | |
| Format | Serial |
| Language | English |
| Published |
Stevenage :
IET,
2007-.
|
| ISSN | 1751-8644 1350-2379 |
Cover
| LEADER | 00000cas a2200000 i 4500 | ||
|---|---|---|---|
| 001 | 32049 | ||
| 003 | CZ-ZlUTB | ||
| 005 | 20250814133028.0 | ||
| 008 | 070307c20079999xxk r 0 1eng | ||
| 952 | |0 0 |1 0 |4 0 |7 0 |8 ISSBD |9 72960 |a UTBZL |b UTBZL |c 001 |d 2013-03-19 |h vol.7:issue 1-2(2013) |l 0 |p 32049-1060 |r 2019-08-26 00:00:00 |w 2019-08-26 |x na 2013 zrušeno |y 01 | ||
| 952 | |0 0 |1 0 |4 0 |7 0 |8 ISSBD |9 72961 |a UTBZL |b UTBZL |c 001 |d 2014-07-17 |h vol.6:issue 1-18(2012) |l 0 |p 32049-1180 |r 2019-08-26 00:00:00 |w 2019-08-26 |y 01 | ||
| 952 | |0 0 |1 0 |4 0 |7 0 |8 ISSBD |9 72962 |a UTBZL |b UTBZL |c 001 |d 2011-02-08 |h vol.4:issue 1-12(2010) |l 0 |p 32049-420 |r 2019-08-26 00:00:00 |w 2019-08-26 |y 01 | ||
| 952 | |0 0 |1 0 |4 0 |7 0 |8 ISSBD |9 72963 |a UTBZL |b UTBZL |c 001 |d 2011-02-08 |h vol.3:issue 1-12(2009) |l 0 |p 32049-430 |r 2019-08-26 00:00:00 |w 2019-08-26 |y 01 | ||
| 952 | |0 0 |1 0 |4 0 |7 0 |8 ISSBD |9 72964 |a UTBZL |b UTBZL |c 001 |d 2011-02-08 |h vol.2:issue 1-12(2008)chybí č.10 |l 0 |p 32049-440 |r 2019-08-26 00:00:00 |w 2019-08-26 |y 01 | ||
| 952 | |0 0 |1 0 |4 0 |7 0 |8 ISSBD |9 72965 |a UTBZL |b UTBZL |c 001 |d 2011-02-08 |h vol.1:issue 1-6(2007) |l 0 |p 32049-450 |r 2019-08-26 00:00:00 |w 2019-08-26 |y 01 | ||
| 952 | |0 0 |1 0 |4 0 |7 0 |8 ISSBD |9 72966 |a UTBZL |b UTBZL |c 001 |d 2012-06-05 |h vol.5:issue 1-18(2011) |l 0 |p 32049-880 |r 2019-08-26 00:00:00 |w 2019-08-26 |y 01 | ||
| 999 | |c 32049 |d 32049 | ||
| 022 | |a 1751-8644 | ||
| 040 | |a GBV |b ger |d ZLD002 | ||
| 072 | 7 | |a 681.5 |x Automatizační a řídicí technika |2 Konspekt |9 19 | |
| 110 | 2 | |a Institution of Engineering and Technology | |
| 245 | 0 | 0 | |a IET control theory & applications / |c the Institution of Engineering and Technology. |
| 246 | 3 | |a Control theory & applications | |
| 260 | |a Stevenage : |b IET, |c 2007-. | ||
| 310 | |a 6xročně | ||
| 362 | 0 | |a 1.2007 - | |
| 780 | 0 | 2 | |w ZDB: 11813453 |t Vorg.: Institution of Electrical Engineers: IEE proceedings / Control theory & applications |x 1350-2379 |
| 910 | |a ZLD002 |r 2007-2012 | ||
| 942 | |2 udc | ||
| 992 | |a SE |b SK | ||